Терапия принятия и ответственности при РПП (Запись № 12743231)

Подробности
000 -МАРКЕР
контрольное поле 03795nam0a2200397 4500
001 - ИДЕНТИФИКАТОР ЗАПИСИ
контрольное поле RU\NLR\BIBL_A\016222707
005 - ИДЕНТИФИКАТОР ВЕРСИИ
контрольное поле 20221209153918.0
010 ## - МЕЖДУНАРОДНЫЙ СТАНДАРТНЫЙ НОМЕР КНИГИ (ISBN)
Номер (ISBN) 978-5-907458-62-8
Тираж 300
021 ## - НОМЕР ГОСУДАРСТВЕННОЙ РЕГИСТРАЦИИ
Код страны Российская Федерация
Номер КН-П-22-074809
Номер Листа государственной регистраци КН-П-22-6520
035 ## - ДРУГИЕ СИСТЕМНЫЕ НОМЕРА
Идентификатор записи (NLR Aleph) 016222707
035 ## - ДРУГИЕ СИСТЕМНЫЕ НОМЕРА
Идентификатор записи (RuMoRGB)011311972
100 ## - ДАННЫЕ ОБЩЕЙ ОБРАБОТКИ
Данные общей обработки 20221130d2022 u y0rusy50 ca
101 1# - ЯЗЫК РЕСУРСА
Язык текста, звукозаписи и т.д. русский
Язык оригинала английский
Язык резюме английский
102 ## - СТРАНА ПУБЛИКАЦИИ ИЛИ ПРОИЗВОДСТВА
Страна публикации Российская Федерация
105 ## - ПОЛЕ КОДИРОВАННЫХ ДАННЫХ: ТЕКСТОВЫЕ МАТЕРИАЛЫ, МОНОГРАФИЧЕСКИЕ
Кодированные данные о монографическом текстовом документе a z 000zy
181 #0 - ПОЛЕ КОДИРОВАННЫХ ДАННЫХ: ВИД СОДЕРЖАНИЯ
Код вида содержания (ISBD) i3
Код характеристики содержания (ISBD) axxe
182 #0 - ПОЛЕ КОДИРОВАННЫХ ДАННЫХ: ТИП СРЕДСТВА
Код типа средства (ISBD) n - непосредственное
200 1# - ЗАГЛАВИЕ И СВЕДЕНИЯ ОБ ОТВЕТСТВЕННОСТИ
Основное заглавие Терапия принятия и ответственности при РПП
Сведения, относящиеся к заглавию руководство по лечению анорексии и булимии, ориентированное на процесс
Первые сведения об ответственности Эмили К. Сандоз, д-р философии, Келли Г. Уилсон, д-р философии, Трой Дюфрен
Последующие сведения об ответственности перевод с английского и редакция Е. А. Денисовой
203 ## - ВИД СОДЕРЖАНИЯ И ТИП СРЕДСТВА
Вид содержания Текст
Дополнительные сведения об издании визуальный
Тип средства непосредственный
210 ## - ПУБЛИКАЦИЯ, РАСПРОСТРАНЕНИЕ И ДР.
Место издания, распространения и т.д. Москва
-- Санкт-Петербург
Имя издателя, распространителя и т. д. Диалектика
Дата издания, распространения и т.д. 2022
215 ## - ФИЗИЧЕСКАЯ ХАРАКТЕРИСТИКА
Специфическое обозначение материала и объем 361 с.
Другие сведения о физической характеристике ил., табл.
Размеры 24
300 ## - ОБЩИЕ ПРИМЕЧАНИЯ
Текст примечания Загл. и авт. ориг.: Acceptance and commitment therapy for eating disorders / Emily K. Sandoz, Kelly G. Wilson, Troy Dufresne
320 ## - ПРИМЕЧАНИЯ О НАЛИЧИИ В ДОКУМЕНТЕ БИБЛИОГРАФИИ / УКАЗАТЕЛЯ
Текст примечания Библиогр.: с. 360-361 (22 назв.)
330 ## - РЕЗЮМЕ ИЛИ РЕФЕРАТ
Текст примечания Рано или поздно большинство психотерапевтов в своей клинической практике сталкиваются с клиентами, жалующимися на расстройства пищевого поведения. При этом многие специалисты не уверены, как правильно работать с такой проблемой. Поскольку опасная одержимость худобой, свойственная нашей культуре, вынуждает до последнего скрывать симптомы и проявления РПП, часто люди с этим недугом обращаются за столь необходимой им помощью лишь после того, как серьезно подорвали свое здоровье. В данной книге представлена тщательно проработанная теоретическая концепция и полный практический протокол, призванный помочь психотерапевтам эффективнее работать с ригидностью и перфекционизмом, которые лежат в основе большинства расстройств пищевого поведения. Этот протокол можно взять на вооружение для помощи клиентам с анорексией, булимией, компульсивным перееданием и другими видами РПП
454 #0 - ОРИГИНАЛ (ПЕРЕВОДА)
Встроенное поле 2001#$aAcceptance and commitment therapy for eating disorders$fEmily K. Sandoz, Kelly G. Wilson, Troy Dufresne
-- 700#1$aSandoz$bE. K.$gEmily K.
-- 701#1$aWilson$bK. G.$gKelly G.
-- 701#1$aDufresne$bT.$gTroy
Заглавие Acceptance and commitment therapy for eating disorders
Автор Sandoz, Emily K.
606 1# - НАИМЕНОВАНИЕ ТЕМЫ КАК ПРЕДМЕТ
Наименование темы Пищевое поведение
Формальный подзаголовок Популярные издания
Тематический подзаголовок Нарушение
-- Психотерапия
Системный номер авторитетной/нормативной записи 2265343
Идентификатор авторитетной/нормативной записи RU\NLR\AUTH\6601587539
675 ## - УНИВЕРСАЛЬНАЯ ДЕСЯТИЧНАЯ КЛАССИФИКАЦИЯ (UDC/УДК)
Индекс 616-056.25
Издание 4
686 1# - ИНДЕКСЫ ДРУГИХ КЛАССИФИКАЦИЙ
Индекс Р64-329я9
700 #1 - ИМЯ ЛИЦА - ПЕРВИЧНАЯ ОТВЕТСТВЕННОСТЬ
Начальный элемент ввода Сандоз
Часть имени, кроме начального элемента ввода Э. К.
Расширение инициалов личного имени Эмили К.
701 #1 - ИМЯ ЛИЦА - АЛЬТЕРНАТИВНАЯ ОТВЕТСТВЕННОСТЬ
Начальный элемент ввода Уилсон
Часть имени, кроме начального элемента ввода К. Г.
Расширение инициалов личного имени Келли Г.
701 #1 - ИМЯ ЛИЦА - АЛЬТЕРНАТИВНАЯ ОТВЕТСТВЕННОСТЬ
Начальный элемент ввода Дюфрен
Часть имени, кроме начального элемента ввода Т.
Расширение инициалов личного имени Трой
942 ## - ДОПОЛНИТЕЛЬНЫЕ ЭЛЕМЕНТЫ ЗАПИСИ (АБИС)
Тип экземпляра АБИС Книга
980 ## - КОЛЛЕКЦИЯ
Название коллекции Национальная библиография
Экземпляры
Тип экземпляра Дата поступления Источник поступления Библиотека постоянного хранения Библиотека текущего хранения Место хранения Шифр хранения Штрих-код Статус экземпляра Стоимость
Книга 30.11.2022 Обязательный экземпляр РНБ (Московский) РНБ (Московский) Русский книжный фонд: издания с 1957 года 2022-7/9010 1-4066322    
Книга 30.11.2022 Обязательный экземпляр РНБ (Московский) РНБ (Московский) Русский книжный фонд: издания с 1957 года 2022-7/9010 1-4066321    
Книга 07.12.2022   РНБ (Московский) РНБ (Московский) Зал технической, медицинской и естественнонаучной литературы   ERR-265100   0.00
Книга 08.12.2022   РНБ (Садовая) РНБ (Садовая) Универсальный читальный зал   ERR-265174   0.00